[Event "Commonwealth Championship 3rd"]
[Site "Docklands, London"]
[Date "1985.02.21"]
[Round "6"]
[White "Hodgson, Julian M"]
[Black "Orr, Mark JL"]
[Result "1/2-1/2"]
[WhiteElo "2455"]
[BlackElo "2320"]
[PlyCount "42"]
[EventDate "1985.02.16"]
[EventType "swiss"]
[EventRounds "11"]
[EventCountry "ENG"]
[SourceTitle "BritBase"]
[Source "John Saunders"]
[SourceDate "2022.12.30"]
[SourceVersion "1"]
[SourceVersionDate "2022.12.30"]
[SourceQuality "1"]

1. e4 e5 2. Nf3 Nf6 3. Nc3 Nc6 4. d4 exd4 5. Nd5 Be7 6. Nxd4 Nxd5 7. Nf5 Bb4+
8. Bd2 Bxd2+ 9. Qxd2 Qf6 10. exd5 Qxf5 11. dxc6 dxc6 12. O-O-O O-O 13. Bc4 Be6
14. Bxe6 Qxe6 15. Kb1 Rfe8 16. a3 Qe2 17. Qf4 Qe5 18. Qxe5 Rxe5 19. Rd7 Rc8 20.
Rhd1 Kf8 21. b3 Re2 1/2-1/2

[Event "Commonwealth Championship 3rd"]
[Site "Docklands, London"]
[Date "1985.02.21"]
[Round "6"]
[White "Johansen, Darryl Keith"]
[Black "Friedgood, David"]
[Result "1-0"]
[WhiteElo "2425"]
[BlackElo "2305"]
[Annotator "Johansen,D"]
[PlyCount "81"]
[EventDate "1985.02.16"]
[EventType "swiss"]
[EventRounds "11"]
[EventCountry "ENG"]
[SourceTitle "BritBase"]
[Source "John Saunders"]
[SourceDate "2022.12.30"]
[SourceVersion "1"]
[SourceVersionDate "2022.12.30"]
[SourceQuality "1"]

1. e4 g6 2. d4 d6 3. Nc3 Bg7 4. Be3 Nf6 5. Qd2 Ng4 6. Bg5 h6 7. Bh4 g5 8. Bg3
e5 9. dxe5 Nxe5 10. h4 Be6 11. O-O-O Nbd7 12. hxg5 hxg5 13. Rxh8+ Bxh8 14. Nh3
Bxh3 15. gxh3 Nb6 16. Bb5+ Kf8 17. Be2 Qf6 18. Nd5 Nxd5 19. Qxd5 Rb8 20. c3 a6
21. Qd4 $2 {White persists in looking for a non-existent edge. Soon enough he
is worse.} Qe6 $1 22. Qa7 $2 {What??} Nc6 23. Qe3 Qxa2 24. Qxg5 $6 Qa1+ 25. Kc2
Nb4+ $1 {Ouch. Humble pie must be eaten.} 26. Kd2 (26. cxb4 Qxb2+ 27. Kd3 Qc3#)
26... Qxb2+ 27. Ke1 Qxc3+ 28. Kf1 Qf6 $2 {Anxious to consolidate, Black makes
a typical error.} (28... Nc6) (28... Be5) 29. Qa5 Qc3 30. Rxd6 cxd6 31. Bxd6+
Ke8 32. Qg5 $5 Nc6 33. Qg8+ Kd7 34. Bxb8 {Short of time, Black forgets to
"keep it simple".} Qa1+ $2 (34... Nxb8 35. Qxb8 Qxh3+ 36. Kg1 Kc6 $11) 35. Kg2
Qg7+ 36. Bg4+ $1 {Counter check!} Ke7 37. Qc8 Nxb8 38. Qxb7+ Kf6 39. Qxb8 Kg5 {
Wow.} (39... Qg5 40. Qg3 Qe5 41. f4 {1-0 is the finish as (incorrectly) given
on 2022 CB Mega Database.}) 40. Qg3 Qe5 $4 41. f4+ {Hmmm.} 1-0

[Event "Commonwealth Championship 3rd"]
[Site "Docklands, London"]
[Date "1985.02.21"]
[Round "6"]
[White "Jones, Iolo Cerredig"]
[Black "Dunnington, Angus J"]
[Result "1/2-1/2"]
[WhiteElo "2250"]
[BlackElo "2290"]
[PlyCount "60"]
[EventDate "1985.02.16"]
[EventType "swiss"]
[EventRounds "11"]
[EventCountry "ENG"]
[SourceTitle "BritBase"]
[Source "John Saunders"]
[SourceDate "2022.12.30"]
[SourceVersion "1"]
[SourceVersionDate "2022.12.30"]
[SourceQuality "1"]

1. Nf3 d5 2. c4 e6 3. g3 Nf6 4. Bg2 Be7 5. O-O O-O 6. d4 Nbd7 7. Qc2 c6 8. Nbd2
b6 9. e4 Bb7 10. e5 Ne8 11. cxd5 exd5 12. Re1 Nc7 13. Nf1 c5 14. b3 Rc8 15.
dxc5 Nxc5 16. Bb2 N7e6 17. Qd1 Ne4 18. a3 a5 19. Nd4 Bc5 20. Ne3 Re8 21. f3
Bxd4 22. Bxd4 Nc3 23. Bxc3 Rxc3 24. Nf5 d4 25. Nd6 Re7 26. Rc1 Rxc1 27. Qxc1
Bd5 28. Qb2 Nc5 29. Qxd4 Bxb3 30. f4 Ne6 1/2-1/2

[Event "Commonwealth Championship 3rd"]
[Site "Docklands, London"]
[Date "1985.02.21"]
[Round "6"]
[White "King, Daniel J"]
[Black "Speelman, Jonathan S"]
[Result "1/2-1/2"]
[WhiteElo "2425"]
[BlackElo "2530"]
[PlyCount "28"]
[EventDate "1985.02.16"]
[EventType "swiss"]
[EventRounds "11"]
[EventCountry "ENG"]
[SourceTitle "BritBase"]
[Source "John Saunders"]
[SourceDate "2022.12.30"]
[SourceVersion "1"]
[SourceVersionDate "2022.12.30"]
[SourceQuality "1"]

1. e4 e6 2. d4 d5 3. Nc3 dxe4 4. Nxe4 Nd7 5. Nf3 Ngf6 6. Bd3 Nxe4 7. Bxe4 Nf6
8. Bg5 Be7 9. Bxf6 Bxf6 10. Qd3 Bd7 11. O-O-O Bc6 12. d5 Bxd5 13. Bxd5 Qxd5 14.
Qxd5 exd5 1/2-1/2

[Event "Commonwealth Championship 3rd"]
[Site "Docklands, London"]
[Date "1985.02.21"]
[Round "6"]
[White "Law, Andrew P"]
[Black "Condie, Mark L"]
[Result "1-0"]
[WhiteElo "2335"]
[BlackElo "2380"]
[PlyCount "39"]
[EventDate "1985.02.16"]
[EventType "swiss"]
[EventRounds "11"]
[EventCountry "ENG"]
[SourceTitle "BritBase"]
[Source "John Saunders"]
[SourceDate "2022.12.30"]
[SourceVersion "1"]
[SourceVersionDate "2022.12.30"]
[SourceQuality "1"]

1. d4 d5 2. c4 e6 3. Nc3 Bb4 4. Nf3 Ne7 5. e3 c5 6. Bd3 Nbc6 7. O-O O-O 8. a3
Bxc3 9. bxc3 dxc4 10. Bxc4 Qc7 11. Ba2 e5 12. d5 Rd8 13. Ng5 Be6 14. Qh5 Nxd5
15. Qxh7+ Kf8 16. e4 Nf4 17. Bxf4 Bxa2 18. Be3 Bc4 19. Bxc5+ Ke8 20. Rfd1 1-0

[Event "Commonwealth Championship 3rd"]
[Site "Docklands, London"]
[Date "1985.02.21"]
[Round "6"]
[White "Littlewood, Paul E"]
[Black "Spraggett, Kevin"]
[Result "1/2-1/2"]
[WhiteElo "2445"]
[BlackElo "2560"]
[PlyCount "32"]
[EventDate "1985.02.16"]
[EventType "swiss"]
[EventRounds "11"]
[EventCountry "ENG"]
[SourceTitle "BritBase"]
[Source "John Saunders"]
[SourceDate "2022.12.30"]
[SourceVersion "1"]
[SourceVersionDate "2022.12.30"]
[SourceQuality "1"]

1. d4 Nf6 2. c4 g6 3. Nf3 Bg7 4. g3 O-O 5. Bg2 d6 6. O-O Nc6 7. Nc3 Bg4 8. d5
Na5 9. Nd2 c5 10. h3 Bd7 11. Qc2 e5 12. a3 b6 13. b4 Nb7 14. e3 Qe7 15. Nb3
Rfc8 16. b5 a6 1/2-1/2

[Event "Commonwealth Championship 3rd"]
[Site "Docklands, London"]
[Date "1985.02.21"]
[Round "6"]
[White "Miles, Jana"]
[Black "Jackson, Sheila"]
[Result "1-0"]
[WhiteElo "2230"]
[BlackElo "2235"]
[PlyCount "69"]
[EventDate "1985.02.16"]
[EventType "swiss"]
[EventRounds "11"]
[EventCountry "ENG"]
[SourceTitle "BritBase"]
[Source "John Saunders"]
[SourceDate "2022.12.30"]
[SourceVersion "1"]
[SourceVersionDate "2022.12.30"]
[SourceQuality "1"]

1. d4 Nf6 2. c4 e6 3. Nf3 Bb4+ 4. Nbd2 b6 5. e3 Bb7 6. Bd3 O-O 7. a3 Bxd2+ 8.
Bxd2 Ne4 9. O-O d6 10. Be1 Nd7 11. Nd2 Nxd2 12. Bxd2 Nf6 13. Qc2 e5 14. dxe5
dxe5 15. Bc3 Qe7 16. f4 e4 17. Be2 Rad8 18. Rad1 Rxd1 19. Rxd1 Rd8 20. Be5 Ne8
21. Qa4 a5 22. Rxd8 Qxd8 23. c5 bxc5 24. Qxa5 Qe7 25. Qb5 Bd5 26. b4 c6 27.
Qxc5 Qxc5 28. bxc5 f6 29. Bb8 Bb3 30. Kf2 Kf7 31. Ke1 Ke6 32. Kd2 Kd5 33. Kc3
Ba2 34. Kb4 g5 35. Bh5 1-0

[Event "Commonwealth Championship 3rd"]
[Site "Docklands, London"]
[Date "1985.02.21"]
[Round "6"]
[White "Norwood, David"]
[Black "Watson, William N"]
[Result "1/2-1/2"]
[WhiteElo "2335"]
[BlackElo "2460"]
[PlyCount "76"]
[EventDate "1985.02.16"]
[EventType "swiss"]
[EventRounds "11"]
[EventCountry "ENG"]
[SourceTitle "BritBase"]
[Source "John Saunders"]
[SourceDate "2022.12.30"]
[SourceVersion "1"]
[SourceVersionDate "2022.12.30"]
[SourceQuality "1"]

1. e4 g6 2. d4 Bg7 3. Nc3 d6 4. Nf3 c6 5. a4 Nf6 6. Be2 Nbd7 7. e5 Nd5 8. Nxd5
cxd5 9. exd6 exd6 10. Bg5 Qb6 11. a5 Qc7 12. c3 O-O 13. O-O Nf6 14. Bxf6 Bxf6
15. Ne1 b6 16. a6 Bf5 17. Nd3 Bxd3 18. Bxd3 b5 19. Qf3 Bg7 20. Qxd5 Rab8 21.
Bxb5 Qb6 22. c4 Bxd4 23. Rad1 Be5 24. Kh1 Rfd8 25. b4 Bc3 26. Rb1 Rbc8 27. Rb3
Bf6 28. f4 Rc7 29. f5 g5 30. Re1 Qf2 31. Rbe3 Qb2 32. h4 Qf2 33. Re4 h6 34.
R1e2 Qf1+ 35. Kh2 Kg7 36. Re1 Qf2 37. R1e2 Qf1 38. Re1 Qf2 1/2-1/2

[Event "Commonwealth Championship 3rd"]
[Site "Docklands, London"]
[Date "1985.02.21"]
[Round "6"]
[White "Short, Nigel D"]
[Black "Murshed, Niaz"]
[Result "1/2-1/2"]
[WhiteElo "2535"]
[BlackElo "2415"]
[PlyCount "100"]
[EventDate "1985.02.16"]
[EventType "swiss"]
[EventRounds "11"]
[EventCountry "ENG"]
[SourceTitle "BritBase"]
[Source "John Saunders"]
[SourceDate "2022.12.30"]
[SourceVersion "1"]
[SourceVersionDate "2022.12.30"]
[SourceQuality "1"]

1. e4 c5 2. Nf3 Nc6 3. d4 cxd4 4. Nxd4 e6 5. Nb5 d6 6. c4 Nf6 7. N1c3 a6 8. Na3
Be7 9. Be2 O-O 10. O-O b6 11. Be3 Ne5 12. f4 Ned7 13. Bf3 Bb7 14. Qe2 Qc7 15.
Rac1 Rac8 16. Rfd1 Rfe8 17. g4 h6 18. h4 Nh7 19. Qh2 Qd8 20. Bf2 g5 21. hxg5
hxg5 22. Bg3 gxf4 23. Bxf4 e5 24. Be3 Bg5 25. Qd2 Nc5 26. Bg2 Bxe3+ 27. Qxe3
Ne6 28. Ne2 Rc6 29. Rc3 Qg5 30. Qxg5+ Nexg5 31. Nc2 Nf6 32. Ng3 Re6 33. Ne3 Rc5
34. Rcd3 Nfxe4 35. b4 Rc7 36. Nxe4 Nxe4 37. Bxe4 Bxe4 38. Rxd6 Rxd6 39. Rxd6
Rc6 40. Rd7 Rf6 41. Re7 Rh6 42. Kf2 Rh2+ 43. Kg3 Re2 44. Rxe5 Rxe3+ 45. Kf4 Re2
46. Rxe4 Rxa2 47. Ke5 Kf8 48. Kd6 Ra4 49. c5 bxc5 50. Kxc5 a5 1/2-1/2

[Event "Commonwealth Championship 3rd"]
[Site "Docklands, London"]
[Date "1985.02.22"]
[Round "7"]
[White "Chandler, Murray G"]
[Black "Littlewood, Paul E"]
[Result "0-1"]
[WhiteElo "2585"]
[BlackElo "2445"]
[PlyCount "68"]
[EventDate "1985.02.16"]
[EventType "swiss"]
[EventRounds "11"]
[EventCountry "ENG"]
[SourceTitle "BritBase"]
[Source "John Saunders"]
[SourceDate "2022.12.30"]
[SourceVersion "1"]
[SourceVersionDate "2022.12.30"]
[SourceQuality "1"]

1. d4 Nf6 2. c4 c5 3. d5 b5 4. cxb5 a6 5. e3 g6 6. Nc3 Bg7 7. Nf3 O-O 8. a4 Bb7
9. e4 e6 10. Bc4 exd5 11. exd5 Re8+ 12. Be3 Ng4 13. O-O Nxe3 14. fxe3 axb5 15.
Nxb5 d6 16. Qb3 Ba6 17. Na3 Nd7 18. Bxa6 Rxa6 19. Nc4 Nf6 20. Qd3 Qa8 21. Rfd1
Rxa4 22. Nb6 Rxa1 23. Nxa8 Rexa8 24. h3 c4 25. Qf1 Rxd1 26. Qxd1 Ra5 27. e4 Nd7
28. Qc2 Ne5 29. Nd2 h5 30. b4 Ra1+ 31. Kh2 h4 32. g4 ({This is the move given
on ChessBase (which has the game year wrongly set to 1986). In Informator 39 
(1985), the position in the Combinations section shows the position with
White's pawn on g3 - JS} 32. g3) 32... c3 33. Kg2 cxd2 34. Qxd2 Rg1+ 0-1

[Event "Commonwealth Championship 3rd"]
[Site "Docklands, London"]
[Date "1985.02.22"]
[Round "7"]
[White "Friedgood, David"]
[Black "Nicholson, John G"]
[Result "1-0"]
[WhiteElo "2305"]
[BlackElo "2310"]
[PlyCount "61"]
[EventDate "1985.02.16"]
[EventType "swiss"]
[EventRounds "11"]
[EventCountry "ENG"]
[SourceTitle "BritBase"]
[Source "John Saunders"]
[SourceDate "2022.12.30"]
[SourceVersion "1"]
[SourceVersionDate "2022.12.30"]
[SourceQuality "1"]

1. c4 Nf6 2. Nc3 c5 3. Nf3 e6 4. g3 b6 5. Bg2 Bb7 6. O-O Be7 7. d4 cxd4 8. Qxd4
d6 9. Bg5 a6 10. Bxf6 Bxf6 11. Qd3 Qc7 12. Rfd1 Be7 13. Rac1 O-O 14. b4 Rd8 15.
Nd4 Bxg2 16. Kxg2 Nd7 17. f4 Rac8 18. b5 Qxc4 19. Qxc4 Rxc4 20. bxa6 d5 21.
Nxd5 exd5 22. Rxc4 dxc4 23. Nc6 Re8 24. Nxe7+ Rxe7 25. a7 Rxe2+ 26. Kf3 Rxa2
27. Rxd7 Kf8 28. Rd8+ Ke7 29. a8=Q Rxa8 30. Rxa8 Kd6 31. Ke4 1-0

[Event "Commonwealth Championship 3rd"]
[Site "Docklands, London"]
[Date "1985.02.22"]
[Round "7"]
[White "Gallagher, Joseph G"]
[Black "Knott, Simon JB"]
[Result "1/2-1/2"]
[WhiteElo "2370"]
[BlackElo "2260"]
[PlyCount "31"]
[EventDate "1985.02.16"]
[EventType "swiss"]
[EventRounds "11"]
[EventCountry "ENG"]
[SourceTitle "BritBase"]
[Source "John Saunders"]
[SourceDate "2022.12.30"]
[SourceVersion "1"]
[SourceVersionDate "2022.12.30"]
[SourceQuality "1"]

1. e4 e6 2. d4 d5 3. Nc3 Bb4 4. Nge2 dxe4 5. a3 Ba5 6. b4 Bb6 7. Nxe4 e5 8.
dxe5 Qxd1+ 9. Kxd1 Nc6 10. Bb2 Bg4 11. c4 O-O-O+ 12. Kc2 Bf5 13. N2g3 Bxe4+ 14.
Nxe4 Bd4 15. Rd1 Nh6 16. Be2 1/2-1/2

[Event "Commonwealth Championship 3rd"]
[Site "Docklands, London"]
[Date "1985.02.22"]
[Round "7"]
[White "Howell, James C"]
[Black "Sathe, Bhagyashree"]
[Result "1-0"]
[WhiteElo "2395"]
[BlackElo "2075"]
[PlyCount "55"]
[EventDate "1985.02.16"]
[EventType "swiss"]
[EventRounds "11"]
[EventCountry "ENG"]
[SourceTitle "BritBase"]
[Source "John Saunders"]
[SourceDate "2022.12.30"]
[SourceVersion "1"]
[SourceVersionDate "2022.12.30"]
[SourceQuality "1"]

1. e4 e5 2. Nf3 Nc6 3. Bb5 a6 4. Ba4 Nf6 5. O-O Nxe4 6. d4 b5 7. Bb3 d5 8. dxe5
Be6 9. Be3 Be7 10. c3 O-O 11. Nbd2 Bg4 12. Nxe4 dxe4 13. Qd5 exf3 14. Qxc6 fxg2
15. Qxg2 Qc8 16. Bh6 g6 17. Bxf8 Bxf8 18. Rfe1 c6 19. e6 Bxe6 20. Bxe6 fxe6 21.
Qg4 Kf7 22. Qh3 h5 23. Rad1 Ra7 24. Rd3 Re7 25. Red1 Qc7 26. Rd6 Kg7 27. Rxe6
Rf7 28. Qg3 1-0

[Event "Commonwealth Championship 3rd"]
[Site "Docklands, London"]
[Date "1985.02.22"]
[Round "7"]
[White "Lalic, Susan Kathryn"]
[Black "Ayinla, Jubrila"]
[Result "1-0"]
[WhiteElo "2010"]
[BlackElo "2205"]
[PlyCount "67"]
[EventDate "1985.02.16"]
[EventType "swiss"]
[EventRounds "11"]
[EventCountry "ENG"]
[SourceTitle "BritBase"]
[Source "John Saunders"]
[SourceDate "2022.12.30"]
[SourceVersion "1"]
[SourceVersionDate "2022.12.30"]
[SourceQuality "1"]

1. e4 e6 2. d4 d5 3. Nc3 Bb4 4. e5 c5 5. Qg4 Ne7 6. Nf3 Nbc6 7. a3 Qa5 8. Bd2
cxd4 9. Nxd4 Nxd4 10. Qxd4 Bc5 11. Qg4 Qb6 12. Bb5+ Bd7 13. Bxd7+ Kxd7 14. O-O
Qc6 15. Rad1 a6 16. Be3 h5 17. Qh3 Kc7 18. Rd3 Bxe3 19. fxe3 Raf8 20. Ne2 Kb8
21. Nd4 Qd7 22. b4 Nc6 23. Qg3 Rhg8 24. Rc3 Na7 25. Qf3 Nc8 26. b5 a5 27. Nb3
b6 28. Rc6 Kb7 29. Nd4 h4 30. c4 Ne7 31. c5 Nc8 32. Rxb6+ Ka8 33. Ra6+ Kb8 34.
Qe2 1-0

[Event "Commonwealth Championship 3rd"]
[Site "Docklands, London"]
[Date "1985.02.22"]
[Round "7"]
[White "Law, Andrew P"]
[Black "Short, Nigel D"]
[Result "1/2-1/2"]
[WhiteElo "2335"]
[BlackElo "2535"]
[PlyCount "29"]
[EventDate "1985.02.16"]
[EventType "swiss"]
[EventRounds "11"]
[EventCountry "ENG"]
[SourceTitle "BritBase"]
[Source "John Saunders"]
[SourceDate "2022.12.30"]
[SourceVersion "1"]
[SourceVersionDate "2022.12.30"]
[SourceQuality "1"]

1. d4 Nf6 2. c4 e6 3. Nc3 Bb4 4. e3 c5 5. Nge2 cxd4 6. exd4 d5 7. c5 Ne4 8. Bd2
Nxd2 9. Qxd2 a5 10. a3 Bxc3 11. Nxc3 a4 12. Bd3 b6 13. O-O bxc5 14. dxc5 O-O
15. Qc2 1/2-1/2

[Event "Commonwealth Championship 3rd"]
[Site "Docklands, London"]
[Date "1985.02.22"]
[Round "7"]
[White "Martin, Andrew D"]
[Black "Hanreck, Alan E"]
[Result "1/2-1/2"]
[WhiteElo "2425"]
[BlackElo "2275"]
[PlyCount "58"]
[EventDate "1985.02.16"]
[EventType "swiss"]
[EventRounds "11"]
[EventCountry "ENG"]
[SourceTitle "BritBase"]
[Source "John Saunders"]
[SourceDate "2022.12.30"]
[SourceVersion "1"]
[SourceVersionDate "2022.12.30"]
[SourceQuality "1"]

1. d4 Nf6 2. c4 e6 3. Nc3 c5 4. d5 exd5 5. cxd5 d6 6. e4 g6 7. f4 Bg7 8. Bb5+
Nbd7 9. e5 dxe5 10. fxe5 Nh5 11. e6 fxe6 12. dxe6 Qh4+ 13. g3 Nxg3 14. hxg3
Qxh1 15. Be3 O-O 16. Qb3 c4 17. Bxc4 Kh8 18. O-O-O Ne5 19. Bd5 Qh2 20. Nge2 Qh3
21. Nf4 Qxg3 22. Ne4 Qh2 23. Qc2 Qh4 24. Rf1 Bxe6 25. Bxe6 g5 26. Nxg5 Qxg5 27.
Rh1 h6 28. Rg1 Qh4 29. Qc7 Qf6 1/2-1/2

[Event "Commonwealth Championship 3rd"]
[Site "Docklands, London"]
[Date "1985.02.22"]
[Round "7"]
[White "Norwood, David"]
[Black "Hodgson, Julian M"]
[Result "0-1"]
[WhiteElo "2335"]
[BlackElo "2455"]
[PlyCount "40"]
[EventDate "1985.02.16"]
[EventType "swiss"]
[EventRounds "11"]
[EventCountry "ENG"]
[SourceTitle "BritBase"]
[Source "John Saunders"]
[SourceDate "2022.12.30"]
[SourceVersion "1"]
[SourceVersionDate "2022.12.30"]
[SourceQuality "1"]

1. d4 d5 2. Nf3 c6 3. e3 Bg4 4. Be2 e6 5. O-O Nd7 6. Nbd2 Ngf6 7. b3 Bd6 8. Bb2
Qb8 9. h3 Bh5 10. g4 Bg6 11. Nh4 Be4 12. f4 g5 13. Nxe4 Nxe4 14. Ng2 h5 15.
gxh5 gxf4 16. Nxf4 Rg8+ 17. Kh2 Rg3 18. Bc1 Qd8 19. Rg1 Qh4 20. Qf1 O-O-O 0-1

[Event "Commonwealth Championship 3rd"]
[Site "Docklands, London"]
[Date "1985.02.22"]
[Round "7"]
[White "Nunn, John DM"]
[Black "Murshed, Niaz"]
[Result "1-0"]
[WhiteElo "2615"]
[BlackElo "2415"]
[PlyCount "77"]
[EventDate "1985.02.16"]
[EventType "swiss"]
[EventRounds "11"]
[EventCountry "ENG"]
[SourceTitle "BritBase"]
[Source "John Saunders"]
[SourceDate "2022.12.30"]
[SourceVersion "1"]
[SourceVersionDate "2022.12.30"]
[SourceQuality "1"]

1. e4 c5 2. Nf3 Nc6 3. d4 cxd4 4. Nxd4 e6 5. Nc3 d6 6. Be3 Nf6 7. Bc4 Be7 8.
Qe2 a6 9. O-O-O Qc7 10. Bb3 Na5 11. g4 b5 12. g5 Nxb3+ 13. axb3 Nd7 14. h4 b4
15. Na4 Nc5 16. h5 e5 17. Nf5 Bxf5 18. exf5 Nxa4 19. bxa4 Qc6 20. Kb1 Qxa4 21.
Rh4 Rb8 22. Rd5 Qd7 23. Qd3 b3 24. cxb3 O-O 25. f6 gxf6 26. gxf6 Bxf6 27. Rxd6
Qe7 28. Rg4+ Kh8 29. Bc5 Rfd8 30. Qd5 Rxd6 31. Bxd6 Qd7 32. Qxe5 Qd8 33. Qg3
Rb5 34. h6 Rd5 35. Bc7 Qe8 36. Ka2 Rd2 37. Be5 Rxf2 38. Re4 Bxe5 39. Qg7+ 1-0

[Event "Commonwealth Championship 3rd"]
[Site "Docklands, London"]
[Date "1985.02.22"]
[Round "7"]
[White "Orr, Mark JL"]
[Black "Ravisekhar, Raja"]
[Result "1-0"]
[WhiteElo "2320"]
[BlackElo "2420"]
[PlyCount "51"]
[EventDate "1985.02.16"]
[EventType "swiss"]
[EventRounds "11"]
[EventCountry "ENG"]
[SourceTitle "BritBase"]
[Source "John Saunders"]
[SourceDate "2022.12.30"]
[SourceVersion "1"]
[SourceVersionDate "2022.12.30"]
[SourceQuality "1"]

1. Nf3 g6 2. c4 Bg7 3. d4 d6 4. Nc3 Bg4 5. e3 Nc6 6. Be2 e5 7. d5 Nce7 8. Qb3
b6 9. Nxe5 Bxe2 10. Qa4+ c6 11. Nxc6 Bxc3+ 12. bxc3 Qd7 13. Kxe2 Rc8 14. Rd1
Nxc6 15. dxc6 Rxc6 16. Rd4 Ne7 17. Ba3 Nc8 18. Re4+ Kd8 19. Rd1 Re8 20. Red4
Re6 21. Qb5 f6 22. f4 Rc7 23. R1d3 f5 24. Bb4 a5 25. Bxd6 Nxd6 26. Qxb6 1-0

[Event "Commonwealth Championship 3rd"]
[Site "Docklands, London"]
[Date "1985.02.22"]
[Round "7"]
[White "Pein, Malcolm"]
[Black "Johansen, Darryl Keith"]
[Result "0-1"]
[WhiteElo "2360"]
[BlackElo "2425"]
[Annotator "Johansen,D"]
[PlyCount "102"]
[EventDate "1985.02.16"]
[EventType "swiss"]
[EventRounds "11"]
[EventCountry "ENG"]
[SourceTitle "DB Johansen 2"]
[Source "Johansen,D"]
[SourceDate "2012.09.29"]
[SourceVersion "1"]
[SourceVersionDate "2022.12.19"]
[SourceQuality "1"]

1. d4 d5 2. Nf3 Nf6 3. c4 e6 4. Nc3 Nbd7 5. Bg5 c6 6. e3 Qa5 7. Nd2 dxc4 8.
Bxf6 Nxf6 9. Nxc4 Qc7 10. Be2 Be7 11. O-O O-O 12. a3 Rd8 13. Qc2 Bd7 14. b4 Be8
15. Rac1 Rac8 16. Bf3 Nd5 17. Ne4 Nb6 $1 18. Ne5 Nd7 $1 19. Nxd7 Bxd7 $11 20.
Nc5 Be8 21. Be4 g6 22. f4 a5 23. bxa5 Ra8 24. Rb1 Rdb8 25. Qc3 Rxa5 26. Rb3 b6
27. Rfb1 Qa7 28. Bf3 $11 Bd6 29. Ne4 Be7 30. Nd2 $2 (30. Nc5 $11) 30... c5 $17
31. Nc4 Ra4 32. d5 exd5 33. Bxd5 b5 34. Ne5 Bf6 35. Qc1 c4 36. Rb4 Rxa3 $19 37.
Bxc4 Rxe3 38. Kh1 Bxe5 39. fxe5 Rxe5 40. Qc3 Qe7 41. h3 Qg5 42. Ba2 Rd8 43. Rg4
Qe7 44. Rf1 Re2 45. Bb3 Re3 46. Qc2 Rdd3 47. Ba2 Kg7 48. Bb1 Rc3 49. Qf2 Re2
50. Qd4+ Qe5 51. Qd1 Rxh3+ {Source: Darryl Johansen. Contributed by Paul
Summers, 16 February 2023.} 0-1

[Event "Commonwealth Championship 3rd"]
[Site "Docklands, London"]
[Date "1985.02.22"]
[Round "7"]
[White "Speelman, Jonathan S"]
[Black "Watson, William N"]
[Result "1/2-1/2"]
[WhiteElo "2530"]
[BlackElo "2460"]
[PlyCount "72"]
[EventDate "1985.02.16"]
[EventType "swiss"]
[EventRounds "11"]
[EventCountry "ENG"]
[SourceTitle "BritBase"]
[Source "John Saunders"]
[SourceDate "2022.12.30"]
[SourceVersion "1"]
[SourceVersionDate "2022.12.30"]
[SourceQuality "1"]

1. g3 g6 2. Bg2 Bg7 3. d4 c5 4. d5 d6 5. Nf3 Nf6 6. c4 O-O 7. O-O b5 8. cxb5 a6
9. bxa6 Bxa6 10. Nc3 Nbd7 11. h3 Qb6 12. Re1 Rfb8 13. Rb1 Ne8 14. Qc2 Bc4 15.
Nd2 Bxa2 16. Ra1 Bxc3 17. bxc3 Bxd5 18. Rb1 Qc6 19. e4 Be6 20. e5 d5 21. Rxb8
Rxb8 22. c4 Nb6 23. Nf1 Qc8 24. cxd5 Nxd5 25. Qd2 Nb4 26. Qh6 Nd3 27. Rd1 c4
28. Bg5 Qc5 29. Ne3 Qxe5 30. Bxe7 Qg7 31. Qh4 Qb2 32. Rf1 Rc8 33. Bd5 Qe5 34.
Bxc4 Bxc4 35. Nxc4 Qe6 36. Nd2 Ne5 1/2-1/2

[Event "Commonwealth Championship 3rd"]
[Site "Docklands, London"]
[Date "1985.02.22"]
[Round "7"]
[White "Spraggett, Kevin"]
[Black "King, Daniel J"]
[Result "1-0"]
[WhiteElo "2560"]
[BlackElo "2425"]
[PlyCount "51"]
[EventDate "1985.02.16"]
[EventType "swiss"]
[EventRounds "11"]
[EventCountry "ENG"]
[SourceTitle "BritBase"]
[Source "John Saunders"]
[SourceDate "2022.12.30"]
[SourceVersion "1"]
[SourceVersionDate "2022.12.30"]
[SourceQuality "1"]

1. c4 e6 2. Nc3 d5 3. d4 Nf6 4. cxd5 exd5 5. Bg5 Be7 6. e3 O-O 7. Bd3 Nbd7 8.
Qc2 c6 9. Nge2 Re8 10. O-O Nf8 11. Rab1 Ne4 12. Bxe7 Qxe7 13. Bxe4 dxe4 14. b4
a6 15. Ng3 f5 16. d5 Ng6 17. dxc6 bxc6 18. Na4 Be6 19. Nc5 Ne5 20. Rfd1 g6 21.
a4 a5 22. Nxe6 Qxe6 23. bxa5 Rxa5 24. Rb7 Re7 25. Rd8+ Kg7 26. Re8 1-0